Albo d'oro UEFA Europa League - Statistics

Statistiche generali
  • Questo quiz è stato fatto 212 volte
  • Il punteggio medio è 35 su 51
Statistiche sulle risposte
Stagione Nazionalità Vincitore % Corretto
90-91 Italia Inter
95%
93-94 Italia Inter
95%
97-98 Italia Inter
95%
76-77 Italia Juventus
95%
89-90 Italia Juventus
95%
92-93 Italia Juventus
95%
2005-2006 Spagna Siviglia
92%
2006-2007 Spagna Siviglia
92%
2013-2014 Spagna Siviglia
92%
2014-2015 Spagna Siviglia
92%
2015-2016 Spagna Siviglia
92%
2019-2020 Spagna Siviglia
92%
2016-2017 Inghilterra Manchester United
89%
91-92 Paesi Bassi Ajax
85%
2012-2013 Inghilterra Chelsea
84%
2018-2019 Inghilterra Chelsea
84%
2002-2003 Portogallo Porto
84%
2010-2011 Portogallo Porto
84%
94-95 Italia Parma
82%
98-99 Italia Parma
82%
2009-2010 Spagna Atletico Madrid
81%
2011-2012 Spagna Atletico Madrid
81%
2017-2018 Spagna Atletico Madrid
81%
88-89 Italia Napoli
79%
84-85 Spagna Real Madrid
79%
85-86 Spagna Real Madrid
79%
95-96 Germania Bayern Monaco
75%
72-73 inghilterra Liverpool
74%
75-76 Inghilterra Liverpool
74%
2000-2001 Inghilterra Liverpool
74%
99-2000 Turchia Galatasaray
72%
2020-2021 Spagna Villareal
71%
77-78 Paesi Bassi PSV
69%
73-74 Paesi Bassi Feyenoord
63%
2001-2002 Paesi Bassi Feyenoord
63%
2003-2004 Spagna Valencia
62%
79-80 Germania Eintracht Francoforte
59%
2021-2022 Germania Eintracht Francoforte
59%
71-72 Inghilterra Tottenham
54%
83-84 Inghilterra Tottenham
54%
2004-2005 Russia CSKA Mosca
53%
82-83 Belgio Anderlecht
49%
2007-2008 Russia Zenit San Pietroburgo
48%
87-88 Germania Bayer Leverkusen
43%
2008-2009 Ucraina Shaktar Donetsk
40%
80-81 Inghilterra Ipswich Town
14%
96-97 Germania Shalke 04
12%
81-82 Svezia IFK Goteborg
10%
86-87 Svezia IFK Goteborg
10%
74-75 Germania Borussia M'gladbach
7%
78-79 Germania Borussia M'gladbach
7%
Nessun quiz corrispondente trovato
Distribuzione punteggi
Percentuale di utenti per punteggio
Percentile per numero di risposta
I tuoi punteggi nel tempo
Non hai fatto questo quiz